000 00261nam a22000977a 4500
999 _c11662
_d11662
008 191122b ||||| |||| 00| 0 eng d
020 _a9780195684056
100 _aSingh Upinder
_97364
245 _aAncient Delhi
260 _aNew Delhi
_bOxford University Press
_c2006